Hình ảnh người công nhân trong tác phẩm " Người mẹ " của Maxim Gorki Luận văn tốt nghiệp Đại học Sư phạm ngành Văn Khóa 02

সংরক্ষণ করুন:
গ্রন্থ-পঞ্জীর বিবরন
প্রধান লেখক: Nguyễn Trường Sơn
বিন্যাস: গ্রন্থ
ভাষা:Undetermined
প্রকাশিত: Cần Thơ Trường Đại học Cần Thơ, Khoa Sư phạm, Bộ môn Văn 1980
বিষয়গুলি:
ট্যাগগুলো: ট্যাগ যুক্ত করুন
কোনো ট্যাগ নেই, প্রথমজন হিসাবে ট্যাগ করুন!
Thư viện lưu trữ: Trung tâm Học liệu Trường Đại học Cần Thơ
LEADER 00790nam a2200193Ia 4500
001 CTU_26767
008 210402s9999 xx 000 0 und d
082 |a 809 
082 |b S464/1981 
100 |a Nguyễn Trường Sơn 
245 0 |a Hình ảnh người công nhân trong tác phẩm " Người mẹ " của Maxim Gorki 
245 0 |b Luận văn tốt nghiệp Đại học Sư phạm ngành Văn Khóa 02 
245 0 |c Nguyễn Trường Sơn 
260 |a Cần Thơ 
260 |b Trường Đại học Cần Thơ, Khoa Sư phạm, Bộ môn Văn 
260 |c 1980 
650 |a soviet literature - history and criticism 
904 |i Nguyễn Quang Điền, 981020 
980 |a Trung tâm Học liệu Trường Đại học Cần Thơ